000 00274nam a22000977a 4500
005 20250901165600.0
008 231030b |||||||| |||| 00| 0 eng d
050 _aQA76.C35 1998
245 _aMATHEMATICS FOR COMPUTING
_cCallan, Rob
942 _2lcc
_hQA76.C35 1998
999 _c6208
_d6208